[Event "4NCL Division 4 South"]
[Site "Bedford, ENG"]
[Date "2019.01.12"]
[Round "3.132"]
[White "Clarke, James"]
[Black "Michaud, Gerald"]
[Result "0-1"]
[WhiteElo "1675"]
[BlackElo "1900"]
[PlyCount "88"]
[EventDate "2019.01.12"]
[WhiteTeam "Camberley Juniors"]
[BlackTeam "Sussex Martlets 3"]

1. d4 e6 2. c4 Nf6 3. Nc3 Bb4 4. Qc2 O-O 5. Nf3 d6 6. a3 Bxc3+ 7. Qxc3 Nbd7 8.
Bg5 Qe8 9. Qc2 b6 10. e4 e5 11. d5 h6 12. Bh4 g5 13. Bg3 Nh5 14. Nd2 Nf4 15. f3
a5 16. Bf2 Nc5 17. h4 g4 18. h5 f5 19. O-O-O Kg7 20. g3 Nxh5 21. fxg4 fxg4 22.
Be3 Rh8 23. Bf2 Bd7 24. Be2 Qg6 25. Rdf1 Nf6 26. Be1 Nfxe4 27. Bd3 Nxd3+ 28.
Qxd3 Nxd2 29. Qxd2 Raf8 30. Rf2 Rxf2 31. Bxf2 Qe4 32. Re1 Qxc4+ 33. Kb1 Bf5+
34. Ka1 Rf8 35. Rc1 Qd3 36. Rxc7+ Rf7 37. Qc1 Qxd5 38. Bxb6 Be6 39. Rxf7+ Bxf7
40. Qb1 a4 41. Be3 Qb3 42. Bxh6+ Kxh6 43. Qc1+ Kg6 44. Qb1+ Kg7 0-1

[Event "4NCL Division 4 South"]
[Site "Bedford, ENG"]
[Date "2019.01.12"]
[Round "3.133"]
[White "Sutton, Daniel"]
[Black "Sellick, Simon C"]
[Result "1-0"]
[WhiteElo "1864"]
[BlackElo "1516"]
[PlyCount "39"]
[EventDate "2019.01.12"]
[WhiteTeam "Sussex Martlets 3"]
[BlackTeam "Camberley Juniors"]

1. e4 c5 2. c3 Nf6 3. e5 Nd5 4. d4 cxd4 5. cxd4 d6 6. Nf3 e6 7. Bd3 Nc6 8. O-O
dxe5 9. dxe5 Be7 10. Qe2 h6 11. Re1 Bg5 12. Nxg5 hxg5 13. Nc3 Nxc3 14. bxc3 Qd5
15. Bxg5 Nxe5 16. Qxe5 Qxd3 17. Rad1 Qxd1 18. Rxd1 f6 19. Bxf6 gxf6 20. Qxf6
1-0

[Event "4NCL Division 4 South"]
[Site "Bedford, ENG"]
[Date "2019.01.12"]
[Round "3.134"]
[White "Cutter, Tim J"]
[Black "Finn, Daniel"]
[Result "1/2-1/2"]
[WhiteElo "1478"]
[BlackElo "1810"]
[PlyCount "55"]
[EventDate "2019.01.12"]
[WhiteTeam "Camberley Juniors"]
[BlackTeam "Sussex Martlets 3"]

1. e4 e5 2. Nf3 Nc6 3. Bb5 a6 4. Ba4 Nf6 5. Qe2 Be7 6. O-O b5 7. Bb3 O-O 8. c3
d6 9. h3 Bb7 10. d4 Re8 11. Ng5 Rf8 12. Rd1 Qe8 13. Be3 Na5 14. Bc2 h6 15. dxe5
dxe5 16. Nf3 Bd6 17. Nbd2 Nc6 18. Nf1 Ne7 19. Ng3 Ng6 20. Nf5 Qc6 21. Nd2 Bc5
22. Bxc5 Qxc5 23. Qf3 Kh7 24. Re1 Rad8 25. Rad1 Qb6 26. Qe3 Qxe3 27. Nxe3 Rd7
28. f3 1/2-1/2

[Event "4NCL Division 4 South"]
[Site "Bedford, ENG"]
[Date "2019.01.12"]
[Round "3.135"]
[White "Woods, Timothy J"]
[Black "Saxena, Kshitij"]
[Result "1-0"]
[WhiteElo "1697"]
[BlackElo "1502"]
[PlyCount "63"]
[EventDate "2019.01.12"]
[WhiteTeam "Sussex Martlets 3"]
[BlackTeam "Camberley Juniors"]

1. e4 c5 2. Nf3 Nc6 3. d4 cxd4 4. Nxd4 Nf6 5. Nc3 e5 6. Ndb5 d6 7. Bg5 a6 8.
Na3 b5 9. Bxf6 gxf6 10. Nd5 f5 11. Bd3 fxe4 12. Bxe4 Bg7 13. Qh5 Ne7 14. Nxe7
Kxe7 15. Bxa8 Qa5+ 16. c3 b4 17. Qh4+ f6 18. Qxb4 Qc7 19. Bd5 Bf5 20. O-O Rb8
21. Qc4 Qa5 22. b4 Qb6 23. Rad1 Rc8 24. Qb3 Qc7 25. Nc4 Be6 26. Bxe6 Kxe6 27.
Nxd6+ Ke7 28. Nxc8+ Qxc8 29. Qd5 Bf8 30. Qc5+ Qxc5 31. bxc5 Ke6 32. c6 1-0

[Event "4NCL Division 4 South"]
[Site "Bedford, ENG"]
[Date "2019.01.12"]
[Round "3.141"]
[White "Fletcher, John"]
[Black "Pigott, Darrell N"]
[Result "1/2-1/2"]
[WhiteElo "1984"]
[BlackElo "1862"]
[PlyCount "56"]
[EventDate "2019.01.12"]
[WhiteTeam "The Full Ponty"]
[BlackTeam "Watford 2"]

1. d4 Nf6 2. Nc3 g6 3. e4 d6 4. Be2 Bg7 5. g4 h6 6. h3 c5 7. d5 Bd7 8. Nf3 b5
9. e5 dxe5 10. Nxb5 O-O 11. Nc3 Qc7 12. Qd3 Ne8 13. Qe3 f5 14. Nh4 f4 15. Qe4
g5 16. Ng6 Rf7 17. d6 Nxd6 18. Qxa8 Bc6 19. Nd5 Qa5+ 20. b4 Qxb4+ 21. Nxb4 Bxa8
22. O-O cxb4 23. a3 f3 24. Bd1 Be4 25. Nh4 gxh4 26. axb4 Nc6 27. c3 Bd5 28. Be3
e4 1/2-1/2

[Event "4NCL Division 4 South"]
[Site "Bedford, ENG"]
[Date "2019.01.12"]
[Round "3.142"]
[White "Sloan, Cecil"]
[Black "Adams, Mark"]
[Result "1/2-1/2"]
[WhiteElo "1757"]
[BlackElo "1963"]
[PlyCount "57"]
[EventDate "2019.01.12"]
[WhiteTeam "Watford 2"]
[BlackTeam "The Full Ponty"]

1. e4 c5 2. b3 d6 3. Bb2 Nc6 4. Bb5 Bd7 5. Bxc6 Bxc6 6. d3 e5 7. Nd2 Nf6 8.
Ngf3 Be7 9. Nf1 Qd7 10. Ng3 g6 11. Qd2 O-O-O 12. a4 Ne8 13. b4 cxb4 14. Qxb4 f6
15. Qa5 b6 16. Qa6+ Qb7 17. Qc4 Nc7 18. Qf7 Na6 19. Qe6+ Kb8 20. Ba3 Nc5 21.
Bxc5 dxc5 22. O-O Rd6 23. Qb3 Bd7 24. Nd2 Be6 25. Qb2 Ka8 26. Rfb1 Rb8 27. Qc3
Qc6 28. Nc4 Bxc4 29. Qxc4 1/2-1/2

[Event "4NCL Division 4 South"]
[Site "Bedford, ENG"]
[Date "2019.01.12"]
[Round "3.143"]
[White "Hughes, Anthony"]
[Black "Nielsen, Geir Erik"]
[Result "1-0"]
[WhiteElo "1906"]
[BlackElo "1607"]
[PlyCount "95"]
[EventDate "2019.01.12"]
[WhiteTeam "The Full Ponty"]
[BlackTeam "Watford 2"]

1. d4 e6 2. Nf3 f5 3. g3 Nf6 4. Bg2 Be7 5. O-O O-O 6. c4 d6 7. Nc3 Nbd7 8. Qc2
Qe8 9. e4 fxe4 10. Nxe4 Nxe4 11. Qxe4 Nf6 12. Qe2 Qh5 13. Bg5 Bd7 14. Rad1 Rae8
15. Bf4 Bc6 16. Qxe6+ Kh8 17. d5 Bd7 18. Qe2 Bd8 19. Qd3 Bf5 20. Qb3 Bg4 21.
Rde1 b6 22. Rxe8 Rxe8 23. Re1 Rxe1+ 24. Nxe1 Qe8 25. Qe3 Qa4 26. Bg5 h6 27. b3
Qd7 28. Bxf6 Bxf6 29. Bf3 Bh3 30. Bh5 Bf5 31. Nd3 Qe7 32. Qxe7 Bxe7 33. Nf4 Kh7
34. Ne6 Bb1 35. Nxc7 Bxa2 36. Bd1 Bb1 37. Kf1 Kg6 38. Ke2 Kf5 39. Ke3 g5 40.
Nb5 a5 41. Nc3 Bf6 42. Nxb1 g4 43. Bc2+ Ke5 44. h4 Bg7 45. Bg6 Bf6 46. Nc3 Be7
47. Nb5 Bd8 48. Nd4 1-0

[Event "4NCL Division 4 South"]
[Site "Bedford, ENG"]
[Date "2019.01.12"]
[Round "3.144"]
[White "Poves, Gabriel"]
[Black "Waterfield, John W"]
[Result "0-1"]
[WhiteElo "1517"]
[BlackElo "1920"]
[PlyCount "30"]
[EventDate "2019.01.12"]
[WhiteTeam "Watford 2"]
[BlackTeam "The Full Ponty"]

1. e4 g6 2. d4 Bg7 3. Nf3 c5 4. Bc4 cxd4 5. Nxd4 Nf6 6. Nc3 O-O 7. O-O Nxe4 8.
Qd3 Nxc3 9. bxc3 d5 10. Bb3 a6 11. Ba3 Re8 12. Nf3 e6 13. Rfe1 Qc7 14. Bb2 Nc6
15. Bxd5 Rd8 0-1

[Event "4NCL Division 4 South"]
[Site "Bedford, ENG"]
[Date "2019.01.12"]
[Round "3.145"]
[White "Davies, Peter"]
[Black "Morrell, Sean"]
[Result "1-0"]
[WhiteElo "1942"]
[BlackElo "1442"]
[PlyCount "79"]
[EventDate "2019.01.12"]
[WhiteTeam "The Full Ponty"]
[BlackTeam "Watford 2"]

1. e4 e6 2. d4 d5 3. Nd2 Nf6 4. e5 Nfd7 5. f4 c5 6. c3 Nc6 7. Ngf3 Qb6 8. Nb3
c4 9. Nbd2 Qc7 10. Be2 b5 11. a3 a5 12. O-O Rb8 13. g4 g6 14. f5 gxf5 15. gxf5
Rg8+ 16. Kh1 Nb6 17. Rg1 Rxg1+ 18. Qxg1 exf5 19. Nh4 Qd8 20. Ndf3 Be7 21. Qg8+
Kd7 22. Qxf7 Kc7 23. Bf4 Qf8 24. e6+ Kd8 25. Rg1 Qxf7 26. exf7 Be6 27. Rg8+ Kd7
28. Bxb8 Bxf7 29. Rg7 Nxb8 30. Rxf7 Ke6 31. Rxh7 Nc6 32. Bd1 b4 33. Rh6+ Kd7
34. Nxf5 bxa3 35. bxa3 Bxa3 36. Ne5+ Nxe5 37. dxe5 Nc8 38. Nd4 Bc1 39. Bg4+ Kc7
40. Rh7+ 1-0

[Event "4NCL Division 4 South"]
[Site "Bedford, ENG"]
[Date "2019.01.12"]
[Round "3.146"]
[White "Mehta, Kaveer"]
[Black "Perrett, David C"]
[Result "0-1"]
[WhiteElo "1405"]
[BlackElo "1939"]
[PlyCount "60"]
[EventDate "2019.01.12"]
[WhiteTeam "Watford 2"]
[BlackTeam "The Full Ponty"]

1. e4 Nf6 2. Nc3 d5 3. e5 d4 4. exf6 dxc3 5. Bb5+ c6 6. Bc4 Qd4 7. fxe7 Bxe7 8.
Qe2 cxb2 9. Nf3 bxa1=Q 10. Nxd4 Qxc1+ 11. Qd1 Qxd1+ 12. Kxd1 Bf6 13. Re1+ Kd8
14. Re4 Re8 15. Rf4 Re7 16. c3 Bxd4 17. Rxd4+ Ke8 18. Bd3 g6 19. h4 h5 20. f3
Be6 21. Bc4 Bxc4 22. Rxc4 Nd7 23. g4 Ne5 24. Rf4 Nd3 25. Rd4 Rd8 26. Rxd8+ Kxd8
27. gxh5 gxh5 28. Kc2 Ne1+ 29. Kd1 Nxf3 30. Kc2 Nxh4 0-1

[Event "4NCL Division 4 South"]
[Site "Bedford, ENG"]
[Date "2019.01.12"]
[Round "3.151"]
[White "Upham, John E"]
[Black "Sanfey, Peter"]
[Result "1-0"]
[WhiteElo "1660"]
[BlackElo "1450"]
[PlyCount "69"]
[EventDate "2019.01.12"]
[WhiteTeam "Crowthorne 2"]
[BlackTeam "Barnet Knights 3"]

1. d4 Nf6 2. Nf3 d5 3. c4 e6 4. Nc3 Bb4 5. Bg5 Bxc3+ 6. bxc3 h6 7. Bh4 O-O 8.
e3 c6 9. Qc2 a6 10. Bd3 g6 11. Bxg6 Nbd7 12. c5 Kg7 13. Bd3 Qc7 14. Bg3 Qa5 15.
O-O Ne4 16. c4 Qc3 17. Bxe4 Qxc2 18. Bxc2 dxc4 19. Rab1 Re8 20. Ne5 Nf6 21.
Nxc4 Nd5 22. Nd6 Re7 23. Rb3 a5 24. a3 f6 25. Rfb1 a4 26. Rd3 Kf8 27. Nxc8 Rxc8
28. Bd6 e5 29. dxe5 Kf7 30. Bxe7 Kxe7 31. Rxb7+ Ke6 32. exf6 Kxf6 33. e4 Nf4
34. Rd6+ Ke5 35. Re7+ 1-0

[Event "4NCL Division 4 South"]
[Site "Bedford, ENG"]
[Date "2019.01.12"]
[Round "3.152"]
[White "Stoica, Savas Marin"]
[Black "Kirby, Andrew"]
[Result "1/2-1/2"]
[WhiteElo "1442"]
[BlackElo "1633"]
[PlyCount "50"]
[EventDate "2019.01.12"]
[WhiteTeam "Barnet Knights 3"]
[BlackTeam "Crowthorne 2"]

1. e4 d5 2. exd5 Nf6 3. d4 Nxd5 4. c4 Nf6 5. h3 c5 6. Nf3 cxd4 7. Qxd4 Qxd4 8.
Nxd4 e5 9. Nb5 Na6 10. Be2 Be7 11. Be3 O-O 12. O-O Nb4 13. Nc7 Nc2 14. Nxa8
Nxa1 15. Bxa7 Bxh3 16. Nc7 Bf5 17. Nc3 Nc2 18. N7d5 Nxd5 19. Nxd5 Bg5 20. Ne3
Nxe3 21. fxe3 Bg6 22. Bc5 Rc8 23. b4 Ra8 24. Ra1 Ra3 25. Kf2 f5 1/2-1/2

[Event "4NCL Division 4 South"]
[Site "Bedford, ENG"]
[Date "2019.01.12"]
[Round "3.153"]
[White "Love, James"]
[Black "Carter, Rebecca"]
[Result "0-1"]
[WhiteElo "1622"]
[BlackElo "1412"]
[PlyCount "96"]
[EventDate "2019.01.12"]
[WhiteTeam "Crowthorne 2"]
[BlackTeam "Barnet Knights 3"]

1. e4 e5 2. Nf3 Nf6 3. Nxe5 d6 4. Nf3 Nxe4 5. d3 Nf6 6. Be2 Be7 7. O-O O-O 8.
Bf4 Nc6 9. Nc3 Bf5 10. Nh4 Be6 11. Bg3 d5 12. d4 Ne4 13. Nf3 Nxg3 14. fxg3 Bf6
15. Bb5 Qd6 16. Ba4 Bd7 17. Nb5 Qb4 18. c3 Qa5 19. b4 Qb6 20. Qd3 a6 21. Bc2 g6
22. Nd2 Bg7 23. Na3 a5 24. b5 Na7 25. Ba4 Rae8 26. Rf4 Bh6 27. Rf2 Be3 28. Raf1
Bxf2+ 29. Kxf2 Bg4 30. Nf3 Bxf3 31. gxf3 c5 32. c4 cxd4 33. cxd5 Re3 34. Qd2
Rxa3 35. Bb3 Re8 36. g4 d3+ 37. Kg3 Qxb5 38. Qf4 Qb4 39. Qc7 Qe7 40. Rc1 Qxc7+
41. Rxc7 Rxb3 42. axb3 d2 43. Kh4 d1=Q 44. Kg5 Qxd5+ 45. Kh6 Qe5 46. Rc2 f6 47.
h4 Qf4+ 48. g5 Qxh4# 0-1

[Event "4NCL Division 4 South"]
[Site "Bedford, ENG"]
[Date "2019.01.12"]
[Round "3.154"]
[White "Karpe, Reya"]
[Black "Haslehurst, Harriet"]
[Result "1/2-1/2"]
[WhiteElo "1255"]
[BlackElo "1479"]
[PlyCount "201"]
[EventDate "2019.01.12"]
[WhiteTeam "Barnet Knights 3"]
[BlackTeam "Crowthorne 2"]

1. d4 d5 2. c4 Nf6 3. Nc3 c6 4. Bf4 dxc4 5. e4 b5 6. Nf3 e6 7. Bg5 Be7 8. e5
Nd5 9. Ne4 Qc7 10. Bxe7 Qa5+ 11. b4 Nxb4 12. Bxb4 Qxb4+ 13. Qd2 Qxd2+ 14. Nfxd2
O-O 15. Be2 Nd7 16. a4 a6 17. O-O Nb6 18. axb5 cxb5 19. Bf3 Nd5 20. Rfc1 Rd8
21. Nxc4 bxc4 22. Rxc4 Rd7 23. Rac1 Rd8 24. Nd6 Bd7 25. Bxd5 exd5 26. Rc7 g6
27. R1c5 Be6 28. f4 Rf8 29. Re7 Rab8 30. Rcc7 Rb4 31. g4 Rxd4 32. f5 gxf5 33.
gxf5 Rg4+ 34. Kh1 a5 35. fxe6 fxe6 36. Nf7 Rg6 37. h4 h5 38. Ng5 Rf4 39. Re8+
Rf8 40. Ree7 Rf4 41. Rc8+ Rf8 42. Ree8 Rxe8 43. Rxe8+ Kg7 44. Ra8 Rh6 45. Rxa5
Kg6 46. Nxe6 Kf5 47. Nc7 Kxe5 48. Rxd5+ Kf4 49. Rg5 Rc6 50. Nd5+ Ke4 51. Rxh5
Kf3 52. Kh2 Kg4 53. Rh7 Rc2+ 54. Kg1 Kg3 55. Ne3 Rc1+ 56. Nf1+ Kg4 57. h5 Rc5
58. Ne3+ Kg5 59. Rh8 Rc6 60. Rg8+ Kxh5 61. Rf8 Kg5 62. Rf5+ Kg6 63. Rf2 Rf6 64.
Rg2+ Kf7 65. Ng4 Ra6 66. Ne5+ Ke7 67. Rg7+ Kf8 68. Rf7+ Ke8 69. Rf1 Ra2 70. Re1
Kf8 71. Nd7+ Kf7 72. Ne5+ Kf6 73. Ng4+ Kf5 74. Ne3+ Kf4 75. Ng2+ Kg3 76. Re3+
Kg4 77. Re4+ Kf5 78. Rf4+ Ke5 79. Rf1 Ke6 80. Nf4+ Ke7 81. Nd5+ Ke6 82. Nc3 Rc2
83. Re1+ Kf7 84. Ne2 Ra2 85. Rf1+ Ke7 86. Kf2 Ra3 87. Nd4 Kf6 88. Nb5 Rb3 89.
Nd4 Ra3 90. Nf3 Kf5 91. Kg3 Ke4 92. Kg4 Ra8 93. Ng5+ Kd3 94. Rf3+ Kd4 95. Ne6+
Kc4 96. Rf4+ Kd3 97. Rd4+ Kc3 98. Rd5 Kc4 99. Rc5+ Kd3 100. Rd5+ Kc4 101. Kf4
1/2-1/2

[Event "4NCL Division 4 South"]
[Site "Bedford, ENG"]
[Date "2019.01.12"]
[Round "3.155"]
[White "Kotsiopoulos, Panagiotis"]
[Black "Wolstenholme, Scarlet"]
[Result "1-0"]
[WhiteElo "1421"]
[BlackElo "1292"]
[PlyCount "63"]
[EventDate "2019.01.12"]
[WhiteTeam "Crowthorne 2"]
[BlackTeam "Barnet Knights 3"]

1. e4 e5 2. Nf3 Nc6 3. d4 exd4 4. Nxd4 Bc5 5. Nb3 d6 6. Nxc5 dxc5 7. Qxd8+ Nxd8
8. Be3 Ne7 9. Bxc5 Ndc6 10. Bb5 Bd7 11. Bxe7 Kxe7 12. Bxc6 Bxc6 13. O-O Rhe8
14. Nc3 Kf8 15. f3 Rad8 16. Rad1 Rc8 17. Rd2 a6 18. Rfd1 h6 19. a4 b5 20. axb5
axb5 21. Kf2 Ke7 22. Nd5+ Bxd5 23. Rxd5 Rb8 24. Rd7+ Kf8 25. Rxc7 b4 26. Rdd7
Kg8 27. Rxf7 Kh8 28. Rxg7 b3 29. Rh7+ Kg8 30. Rcg7+ Kf8 31. Rc7 bxc2 32. Rh8#
1-0

[Event "4NCL Division 4 South"]
[Site "Bedford, ENG"]
[Date "2019.01.12"]
[Round "3.156"]
[White "Ibrahim, Amir"]
[Black "Sreeram, Yashasvini"]
[Result "0-1"]
[WhiteElo "1150"]
[BlackElo "1155"]
[PlyCount "124"]
[EventDate "2019.01.12"]
[WhiteTeam "Barnet Knights 3"]
[BlackTeam "Crowthorne 2"]

1. e4 c5 2. Bc4 d6 3. Nc3 Nf6 4. f4 Nc6 5. Nf3 Bg4 6. O-O e6 7. Qe1 Be7 8. d3
O-O 9. h3 Bxf3 10. Rxf3 Nd4 11. Rf2 Nd7 12. Qe3 Bf6 13. b3 Nc6 14. Bb2 Bd4 15.
Qd2 a6 16. a4 Qh4 17. Raf1 Bxf2+ 18. Rxf2 Na7 19. d4 Qe7 20. Ne2 Nf6 21. Qd3
Rfd8 22. e5 dxe5 23. fxe5 Nd7 24. Qc3 cxd4 25. Nxd4 Nxe5 26. Nf3 Nxf3+ 27. Rxf3
f6 28. Kh2 Qd6+ 29. Rg3 Kh8 30. Qxf6 Qxg3+ 31. Kxg3 gxf6 32. Bxf6+ Kg8 33. Bxd8
Rxd8 34. Kg4 Kf7 35. Kf4 Rd2 36. Ke5 Nc6+ 37. Kf4 Rxg2 38. c3 Rc2 39. Kg5 Rxc3
40. h4 Ne5 41. Kh6 Nxc4 42. bxc4 Rxc4 43. h5 Rxa4 44. Kg5 Ra5+ 45. Kh6 Rxh5+
46. Kxh5 b5 47. Kh6 b4 48. Kxh7 b3 49. Kh6 b2 50. Kh5 b1=Q 51. Kg4 Qf1 52. Kg3
a5 53. Kh4 a4 54. Kg3 a3 55. Kh4 a2 56. Kg3 a1=R 57. Kh4 Ra5 58. Kg3 Qd3+ 59.
Kg4 Qd4+ 60. Kg3 Ra3+ 61. Kg2 Qd2+ 62. Kf1 Ra1# 0-1

[Event "4NCL Division 4 South"]
[Site "Bedford, ENG"]
[Date "2019.01.12"]
[Round "3.203"]
[White "Cole, Graham"]
[Black "Coburn, Joseph A"]
[Result "0-1"]
[WhiteElo "1834"]
[BlackElo "1760"]
[PlyCount "44"]
[EventDate "2019.01.12"]
[WhiteTeam "Oxford 4"]
[BlackTeam "Wessex C"]

1. e4 d6 2. d4 Nf6 3. Nc3 g6 4. Be3 Bg7 5. Qd2 c6 6. Bh6 Bxh6 7. Qxh6 Qb6 8.
O-O-O Nbd7 9. Nf3 Qa5 10. h3 b5 11. Bd3 b4 12. Nb1 Qxa2 13. e5 Nd5 14. e6 fxe6
15. Bxg6+ Kd8 16. Ng5 N7b6 17. Bd3 Na4 18. Nf7+ Kc7 19. Nxh8 Qxb2+ 20. Kd2 Qxd4
21. Qxh7 Qxf2+ 22. Kc1 b3 0-1

[Event "4NCL Division 4 South"]
[Site "Bedford, ENG"]
[Date "2019.01.12"]
[Round "3.209"]
[White "Dumitrescu, George-Mihai"]
[Black "Deacon, Nicholas"]
[Result "1-0"]
[WhiteElo "1598"]
[BlackElo "1292"]
[PlyCount "45"]
[EventDate "2019.01.12"]
[WhiteTeam "Oxford 4"]
[BlackTeam "Wessex C"]

1. d4 d5 2. Nf3 Nf6 3. c3 e6 4. e3 Be7 5. Bd3 O-O 6. Nbd2 Nbd7 7. O-O c5 8. b3
b6 9. Ne5 Bd6 10. Nxd7 Qxd7 11. Bb2 Bb7 12. Qe2 a6 13. e4 Rfe8 14. e5 Qe7 15.
exd6 Qxd6 16. Rfe1 Rac8 17. Rac1 cxd4 18. cxd4 Rxc1 19. Rxc1 b5 20. Qe5 Qxe5
21. dxe5 Rc8 22. Rxc8+ Bxc8 23. exf6 1-0

[Event "4NCL Division 4 South"]
[Site "Bedford, ENG"]
[Date "2019.01.12"]
[Round "3.201"]
[White "Krawczuk, Michael J"]
[Black "Wolstenholme, Otis"]
[Result "1/2-1/2"]
[WhiteElo "1855"]
[BlackElo "1712"]
[PlyCount "50"]
[EventDate "2019.01.12"]
[WhiteTeam "Wessex C"]
[BlackTeam "Barnet Knights 2"]

1. e4 e6 2. d4 d5 3. e5 c5 4. c3 Bd7 5. Nf3 a6 6. Be2 Bb5 7. O-O Bxe2 8. Qxe2
Nc6 9. Be3 cxd4 10. cxd4 Nge7 11. Na3 Nf5 12. Nc2 Nxe3 13. fxe3 Be7 14. Nce1
O-O 15. Nd3 Rc8 16. Rac1 f6 17. exf6 Rxf6 18. a3 Bd6 19. b4 Rc7 20. Nde5 Bxe5
21. dxe5 Rff7 22. e4 dxe4 23. Qxe4 Rcd7 24. Qg4 Rf5 25. Rfd1 Rd5 1/2-1/2

[Event "4NCL Division 4 South"]
[Site "Bedford, ENG"]
[Date "2019.01.12"]
[Round "3.204"]
[White "Karia, Kamlesh"]
[Black "Smith, Steven J"]
[Result "1-0"]
[WhiteElo "1600"]
[BlackElo "1736"]
[PlyCount "107"]
[EventDate "2019.01.12"]
[WhiteTeam "Barnet Knights 2"]
[BlackTeam "Wessex C"]

1. e4 e6 2. d4 d5 3. exd5 exd5 4. Bd3 Nc6 5. c3 Nf6 6. Bg5 Be7 7. Nf3 Be6 8.
Nbd2 Qd7 9. Qc2 h6 10. Be3 Ng4 11. O-O-O O-O-O 12. h3 Nxe3 13. fxe3 f5 14. Bb5
Bf6 15. Qa4 a6 16. Bxc6 Qxc6 17. Qxc6 bxc6 18. Nb3 Kb8 19. Nc5 Bc8 20. Kd2 g5
21. Ne1 Be7 22. Ned3 Bxc5 23. Nxc5 Ka7 24. Rdf1 Rdf8 25. Rf2 h5 26. Rhf1 a5 27.
a3 Kb6 28. a4 Ka7 29. b4 axb4 30. cxb4 Rh6 31. g4 hxg4 32. hxg4 Rhf6 33. gxf5
Rxf5 34. Rxf5 Rxf5 35. Rxf5 Bxf5 36. Ke1 Kb8 37. Kf2 Bc2 38. a5 Bf5 39. Kf3 Ka7
40. e4 g4+ 41. Kf4 g3 42. Kxg3 dxe4 43. Kf4 Bg6 44. Nxe4 Ka6 45. Nc5+ Ka7 46.
Ke5 Bf7 47. Kf6 Bh5 48. Ke7 Bg4 49. Kd8 Bf3 50. Kxc7 Bg2 51. Nd7 Ka8 52. Ne5
Be4 53. Nxc6 Bd5 54. b5 1-0

[Event "4NCL Division 4 South"]
[Site "Bedford, ENG"]
[Date "2019.01.12"]
[Round "3.207"]
[White "Deacon, Matthew"]
[Black "Ford, Conor"]
[Result "1/2-1/2"]
[WhiteElo "1337"]
[BlackElo "1532"]
[PlyCount "60"]
[EventDate "2019.01.12"]
[WhiteTeam "Wessex C"]
[BlackTeam "Barnet Knights 2"]

1. d4 f5 2. c4 Nf6 3. Nc3 e6 4. Bf4 d5 5. e3 c6 6. Nf3 Nbd7 7. Bd3 Be7 8. Qc2
O-O 9. O-O Ne4 10. cxd5 exd5 11. Nd2 b6 12. Ncxe4 fxe4 13. Qxc6 Rb8 14. Bxb8
Nxb8 15. Qc3 Bd6 16. Rac1 exd3 17. Qxd3 Qh4 18. Nf3 Qf6 19. a4 Bg4 20. Ne5 Bxe5
21. dxe5 Qxe5 22. Qb3 Qf6 23. Qxd5+ Kh8 24. Qd2 Qg5 25. Kh1 Nd7 26. Qd6 Qf5 27.
Qd2 Ne5 28. Qd5 Qf6 29. Qd4 Bf3 30. Rg1 Bb7 1/2-1/2

[Event "4NCL Division 4 South"]
[Site "Bedford, ENG"]
[Date "2019.01.12"]
[Round "3.202"]
[White "Vaidya, Raghav"]
[Black "Neatherway, A Philip"]
[Result "0-1"]
[WhiteElo "1622"]
[BlackElo "1783"]
[PlyCount "98"]
[EventDate "2019.01.12"]
[WhiteTeam "Barnet Knights 2"]
[BlackTeam "Oxford 4"]

1. e4 c5 2. c3 d5 3. exd5 Qxd5 4. d4 Nf6 5. Nf3 Bg4 6. Nbd2 e6 7. Bc4 Qd6 8.
O-O Nc6 9. h3 Bh5 10. Nb3 cxd4 11. Nbxd4 a6 12. Re1 Be7 13. Be3 O-O 14. Bb3
Rfe8 15. Bc2 Rad8 16. Qe2 Qc7 17. Rad1 Nd5 18. a3 Nxe3 19. Qxe3 Nxd4 20. Rxd4
Rxd4 21. Nxd4 Bf6 22. Ne2 Bg6 23. Bxg6 $11 hxg6 24. Nd4 Rd8 25. Nf3 Rd5 26. Qe2
Qd6 27. Qc2 b5 28. Qe2 Bd8 29. Rc1 Qf4 30. Re1 Bf6 31. Qe3 Qxe3 32. Rxe3 Kf8
33. Kf1 $11 Ke7 34. Ke2 e5 35. Rd3 Ke6 36. g4 Rxd3 37. Kxd3 Kd5 38. Nd2 Be7 39.
b4 f5 40. f3 Bg5 41. c4+ bxc4+ 42. Nxc4 e4+ 43. fxe4+ fxe4+ 44. Kc3 Bf6+ 45.
Kb3 Kd4 46. Nd2 e3 47. Nf3+ Ke4 48. Ne1 Bh4 49. Ng2 e2 0-1

[Event "4NCL Division 4 South"]
[Site "Bedford, ENG"]
[Date "2019.01.12"]
[Round "3.205"]
[White "Gentry, Alan E"]
[Black "Sanfey, Gregor"]
[Result "1-0"]
[WhiteElo "1727"]
[BlackElo "1660"]
[PlyCount "57"]
[EventDate "2019.01.12"]
[WhiteTeam "Oxford 4"]
[BlackTeam "Barnet Knights 2"]

1. d4 Nf6 2. c4 e6 3. Nf3 d5 4. Nc3 b6 5. cxd5 Nxd5 6. e4 Nxc3 7. bxc3 Bb7 8.
Bd3 c5 9. O-O Nc6 10. Bf4 Be7 11. Rc1 O-O 12. Qe2 Qd7 13. Rfd1 Rac8 14. d5 Na5
15. Bb5 Qd8 16. dxe6 Bd6 17. Bxd6 Qf6 18. Bxf8 Rxf8 19. e7 Qxe7 20. Rd7 Qe6 21.
Rcd1 c4 22. Ng5 Qf6 23. Qh5 h6 24. Nxf7 Rxf7 25. Rxf7 Qxf7 26. Rd8+ Kh7 27.
Qxf7 Bxe4 28. Rg8 Bd5 29. Qxg7# 1-0

[Event "4NCL Division 4 South"]
[Site "Bedford, ENG"]
[Date "2019.01.12"]
[Round "3.208"]
[White "Carter, Gavin"]
[Black "Rayner, Hugo"]
[Result "0-1"]
[WhiteElo "1523"]
[BlackElo "1622"]
[PlyCount "90"]
[EventDate "2019.01.12"]
[WhiteTeam "Barnet Knights 2"]
[BlackTeam "Oxford 4"]

1. c4 Nf6 2. Nc3 g6 3. g3 Bg7 4. Bg2 c5 5. Nf3 O-O 6. O-O d5 7. Nxd5 Nxd5 8.
cxd5 Qxd5 9. d3 Nc6 10. Nd2 Qd7 11. Nc4 b6 12. Bd2 Bb7 13. Bc3 Rab8 14. f4 Rfd8
15. Bxg7 Kxg7 16. Qd2 Qd4+ 17. Kh1 Qxc4 18. Qc3+ Qxc3 19. bxc3 e6 20. Kg1 Ne7
21. g4 Bxg2 22. Kxg2 Nd5 23. Rfc1 Nxf4+ 24. Kf3 Nd5 25. Rc2 Ne7 26. Rac1 Rbc8
27. Rb1 Rc7 28. Rbc1 Nc6 29. Kf4 Kf6 30. g5+ Kg7 31. h4 Rd5 32. Rd2 Rcd7 33.
Rh1 Rf5+ 34. Kg3 Ne5 35. d4 cxd4 36. cxd4 Nc4 37. Rd3 Ra5 38. Ra1 Ra3 39. Rxa3
Nxa3 40. Rd1 Nc2 41. Rd2 Nxd4 42. Kf2 Rd8 43. e3 Nc6 44. Rc2 Ne5 45. Rc7 Rd2+
0-1

[Event "4NCL Division 4 South"]
[Site "Bedford, ENG"]
[Date "2019.01.13"]
[Round "4.11"]
[White "Simons, Martin J"]
[Black "Venkataramanan, T.S."]
[Result "0-1"]
[WhiteElo "2012"]
[BlackElo "2221"]
[PlyCount "78"]
[EventDate "2019.01.13"]
[WhiteTeam "Wessex B"]
[BlackTeam "Watford 1"]

1. e4 e5 2. Bc4 Nf6 3. d4 exd4 4. Nf3 Nc6 5. e5 d5 6. Bb5 Ne4 7. Nxd4 Bd7 8.
Bxc6 bxc6 9. O-O Bc5 10. f3 Ng5 11. f4 Ne4 12. Nc3 Nxc3 13. bxc3 O-O 14. Re1
Bb6 15. Be3 Qe7 16. Qf3 Rad8 17. Qf2 Rfe8 18. a4 c5 19. Nb3 c4 20. Nc5 Ba5 21.
Bd4 Bc8 22. f5 Qg5 23. Re3 Qxf5 24. Qxf5 Bxf5 25. Nb7 c5 26. Bxc5 Rc8 27. Nd6
Rxc5 28. Nxf5 Bc7 29. Nd6 Re6 30. Rf1 f6 31. Nb5 Rxb5 32. axb5 Bb6 33. Rfe1
Rxe5 34. Kf2 Kf7 35. Kf3 Rxe3+ 36. Rxe3 Bxe3 37. Kxe3 Ke6 38. Kd4 Kd6 39. g4 g5
0-1

[Event "4NCL Division 4 South"]
[Site "Bedford, ENG"]
[Date "2019.01.13"]
[Round "4.12"]
[White "Stone, Andrew M"]
[Black "Duggan, Michael F G"]
[Result "1/2-1/2"]
[WhiteElo "2222"]
[BlackElo "2050"]
[PlyCount "41"]
[EventDate "2019.01.13"]
[WhiteTeam "Watford 1"]
[BlackTeam "Wessex B"]

1. c4 e6 2. Nf3 d5 3. g3 c6 4. Bg2 Bd6 5. O-O Nf6 6. d3 O-O 7. Nc3 Nbd7 8. e4
dxc4 9. dxc4 Ne5 10. Nxe5 Bxe5 11. Qc2 Bd6 12. Rd1 Qe7 13. a3 e5 14. b4 Be6 15.
c5 Bc7 16. Bb2 Rfd8 17. Rxd8+ Rxd8 $11 18. Rd1 Rxd1+ 19. Nxd1 Qd7 20. Ne3 Ng4
21. Nxg4 1/2-1/2

[Event "4NCL Division 4 South"]
[Site "Bedford, ENG"]
[Date "2019.01.13"]
[Round "4.13"]
[White "Weatherlake, John P"]
[Black "Rudge, Jerry F"]
[Result "0-1"]
[WhiteElo "2012"]
[BlackElo "2057"]
[PlyCount "39"]
[EventDate "2019.01.13"]
[WhiteTeam "Wessex B"]
[BlackTeam "Watford 1"]

1. e4 c5 2. Be2 e6 3. d3 d5 4. f4 Nf6 5. Nd2 Nc6 6. c3 Be7 7. Qc2 O-O 8. Nh3 e5
9. f5 b5 10. g4 dxe4 11. dxe4 Rb8 12. Nf2 Nd7 13. Nf1 c4 14. Ne3 Bc5 15. Nd5
Ne7 16. Be3 Nxd5 17. Bxc5 Nxc5 18. O-O-O Qg5+ 19. Kb1 Nf4 20. f6 0-1